Normal view
MARC view
Entry Meeting Name
001 - CONTROL NUMBER
- control field: 1069691
003 - CONTROL NUMBER IDENTIFIER
- control field:
005 - DATE AND TIME OF LATEST TRANSACTION
- control field: 20210627164619.0
008 - FIXED-LENGTH DATA ELEMENTS
- fixed length control field: 210627|| aca||aabn | a|a d
040 ## - CATALOGING SOURCE
- Original cataloging agency:
- Transcribing agency:
111 ## - HEADING--MEETING NAME
- Meeting name or jurisdiction name as entry element: International Congress on Renewable Energy
- Date of meeting or treaty signing: (2005 :
- Location of meeting: Pune, India)
670 ## - SOURCE DATA FOUND
- Source citation: Work cat.: ()1046076: International Congress on Renewable Energy (2005 : Pune, India), Ensuring energy security and sustainable rural development-- globally : conference proceedings, c2005
